000 01220nam a2200301Ia 4500
999 _c38502
_d38502
001 4535
003 GE_BSU
005 20191018163056.0
008 181216s2011||||enk|||||||||||||| ||eng||
020 _a978994103928
040 _cGE_BSU
041 _aeng
080 _a94(479.224) G-16
245 _aAssays from the History of Georgia :
_bAbkhazia. from ancient times till the present days /
_cauth.: Jemal Gamakharia, Lia Akhaladze, Malkhaz Baramidze.
264 _aTbilisi,
_c2011.
300 _a524 p.:
_b ill. ;
_c26 cm.
500 _a Bibliogr. in the text notes.
653 _aაფხაზეთის ისტორია;
700 _aGamakharia, Jemal
_eავტორი
_94854
700 _aAkhaladze, Lia;
_eავტორი
_94855
700 _aBaramidze, Malkhaz
_eავტორი
_94856
700 _aBakhia, Salome
_eავტორი
_94857
700 _aChigogidze, Ketevan
_eმთარგმნელი
_94858
700 _aGamakharia, Jemal
_eრედაქტორი
_94854
700 _aBeradze, Tamaz
_eრედაქტორი
_94859
710 _aMinistry of Educat. a. Culture of Abkhazia; Inst. of History a. Ethnology of Iv. Javakhishvili;
_94860
942 _cBK
_2udc